Faculty of Law Library — Cairo University

Official Online Catalog

Handbook of International Measures for Protection of Migrants and General Conditions to Be Observed in Their Settlement / (Record no. 60447)

MARC details
000 -LEADER
fixed length control field 01014nam a22003017i 4500
003 - CONTROL NUMBER IDENTIFIER
control field EG-GICUC
005 - DATE AND TIME OF LATEST TRANSACTION
control field 20260203103933.0
008 - FIXED-LENGTH DATA ELEMENTS--GENERAL INFORMATION
fixed length control field 260203s1953 us ||||fr|||| 001 0 eng d
040 ## - CATALOGING SOURCE
Original cataloging agency EG-GiCUC
Language of cataloging eng
Transcribing agency EG-GiCUC
Modifying agency EG-GiCUC
Description conventions rda
041 ## - LANGUAGE CODE
Language code of text/sound track or separate title eng
Language code of original eng
082 04 - DEWEY DECIMAL CLASSIFICATION NUMBER
Edition number 21
Classification number 331.3
Item number UN
092 04 - LOCALLY ASSIGNED DEWEY CALL NUMBER (OCLC)
Edition number 21
099 ## - LOCAL FREE-TEXT CALL NUMBER (OCLC)
Classification number Law 13 331.3 UN 1953
110 ## - MAIN ENTRY--CORPORATE NAME
Form subheading United Nations
Relator term Author.
245 01 - TITLE STATEMENT
Title Handbook of International Measures for Protection of Migrants and General Conditions to Be Observed in Their Settlement /
Statement of responsibility, etc. By United Nations.
264 ## - PRODUCTION, PUBLICATION, DISTRIBUTION, MANUFACTURE, AND COPYRIGHT NOTICE
Place of production, publication, distribution, manufacture new york;
Name of producer, publisher, distributor, manufacturer Department of social affairs,
Date of production, publication, distribution, manufacture, or copyright notice 1953.
300 ## - PHYSICAL DESCRIPTION
Extent 278 pages :
Other physical details illustrations,
Dimensions 24 cm
336 ## - CONTENT TYPE
Source rda content
Content type term text
337 ## - MEDIA TYPE
Source rda media
Media type term Computer
338 ## - CARRIER TYPE
Source rda carrier
Carrier type term Online Resource
500 ## - GENERAL NOTE
General note index included
546 ## - LANGUAGE NOTE
Language note Text in English
650 1# - SUBJECT ADDED ENTRY--TOPICAL TERM
Topical term or geographic name entry element Public finance and tax legislation
Source of heading or term qrmak
651 1# - SUBJECT ADDED ENTRY--GEOGRAPHIC NAME
Source of heading or term qrmak
856 40 - ELECTRONIC LOCATION AND ACCESS
Uniform Resource Identifier <a href="https://fll.law.cu.edu.eg/fulltext/bks/B13-08918.pdf">https://fll.law.cu.edu.eg/fulltext/bks/B13-08918.pdf</a>
905 ## - Cataloger and Reviser Names
Cataloger Name: Mohammed Tarek
942 ## - ADDED ENTRY ELEMENTS (KOHA)
Source of classification or shelving scheme Dewey Decimal Classification
Koha item type Books
Edition 21
Suppress in OPAC No
Holdings
Withdrawn status Lost status Source of classification or shelving scheme Damaged status Not for loan Collection Home library Current library Date acquired Total checkouts Full call number Barcode Date last seen Copy number Price effective from Koha item type
    Dewey Decimal Classification   Not for loan المالية العامة والتشريع الضريبي جــــامعة القــاهرة مكتبة كلية الحقوق - المبنى الرئيسي 03.02.2026   Law1 13 REF 331.3 UN 1953 1308918 C1 B13-08918 03.02.2026 1 03.02.2026 Books

© All rights reserved — Faculty of Law, Cairo University